000
00330nam a22001457a 4500
008
230124b ||||| |||| 00| 0 eng d
020
_a
9780840030115
041
_a
eng
080
_2
INSTRUCTOR EDITION
_a
159.9
082
_a
159.9McC
100
_a
25
101
_a
PSI
245
_a
ED PSYCH
_c
McCOWN SNOWMAN
942
_2
udc
_c
BK
999
_c
59261
_d
59261